[Event "WCh PCA"]
[Site "New York WCh PCA"]
[Date "1995.??.??"]
[Round "13"]
[White "Anand, Viswanathan"]
[Black "Kasparov, Gary"]
[Result "0-1"]
[WhiteElo "2715"]
[BlackElo "2805"]
[PlyCount "50"]
[EventDate "1995.??.??"]
[Source "www.chesslib.no"]
[SourceDate "2004.05.04"]

1. e4 c5 2. Nf3 d6 3. d4 cxd4 4. Nxd4 Nf6 5. Nc3 g6 6. Be3 Bg7 7. Qd2 Nc6 8. f3 O-O 9. Bc4 Bd7 10. h4 h5 11. Bb3 Rc8 12. Nxc6 bxc6 13. Bh6 c5 14. Bc4 Qb6 15. Bxg7 Kxg7 16. b3 Bc6 17. Nd5 Bxd5 18. exd5 e5 19. dxe6 d5 20. Be2 c4 21. c3 Rce8 22. bxc4 Qxe6 23. Kf1 Qb6 24. Bd3 d4 25. Bf5 gxf5 0-1

[Event "Corsica Masters KO"]
[Site "Bastia"]
[Date "2003.11.02"]
[Round "3.3"]
[White "Shirov, Alexei"]
[Black "Topalov, Veselin"]
[Result "1/2-1/2"]
[WhiteElo "2737"]
[BlackElo "2735"]
[PlyCount "69"]
[EventDate "2003.11.01"]
[Source "Roberto Alvarez"]
[SourceDate "2003.11.03"]

1. e4 c5 2. Nf3 Nc6 3. Nc3 g6 4. d4 cxd4 5. Nxd4 Bg7 6. Be3 Nf6 7. Bc4 O-O 8. Bb3 d6 9. f3 Bd7 10. Qd2 Nxd4 11. Bxd4 b5 12. Nd5 Nxd5 13. Bxg7 Kxg7 14. Bxd5 Rc8 15. O-O-O Qb6 16. h4 h6 17. h5 g5 18. f4 f6 19. fxg5 fxg5 20. Rdf1 b4 21. e5 dxe5 22. Bb3 Qd4 23. Qe2 Rf6 24. Rxf6 exf6 25. Rd1 Bg4 26. Rxd4 Bxe2 27. Rd7+ Kh8 28. Bf7 Bg4 29. Rxa7 e4 30. Kd2 f5 31. Bg6 Rd8+ 32. Ke3 Rc8 33. Kd2 Rd8+ 34. Ke3 Rc8 35. Kd2 1/2-1/2

[Event "Jonkopings SS -"]
[Site "?"]
[Date "1998.??.??"]
[Round "?"]
[White "Nilsson Roland"]
[Black "Eknor Paul"]
[Result "1-0"]
[WhiteElo "2775"]
[BlackElo "2680"]
[PlyCount "45"]
[EventDate "1998.??.??"]
[Source "www.chesslib.no"]
[SourceDate "2004.05.04"]

1. e4 c5 2. Nf3 Nc6 3. d4 cxd4 4. Nxd4 Nf6 5. Nc3 g6 6. Be3 Bg7 7. Bc4 O-O 8. f3 d6 9. Qd2 Qa5 10. O-O-O a6 11. g4 b5 12. Bb3 Bb7 13. h4 h5 14. Rdg1 Rac8 15. Kb1 b4 16. Nd5 hxg4 17. Nxf6+ Bxf6 18. h5 Bxd4 19. Bxd4 Nxd4 20. Qxd4 Qe5 21. Qxe5 dxe5 22. hxg6 Rfd8 23. gxf7+ 1-0

[Event "Dos Hermanas 87/204"]
[Site "?"]
[Date "2003.??.??"]
[Round "?"]
[White "Shirov, A."]
[Black "Tiviakov, S."]
[Result "1-0"]
[WhiteElo "2723"]
[BlackElo "2635"]
[PlyCount "71"]
[EventDate "2003.??.??"]
[Source "Chess Informant"]
[SourceDate "2003.02.01"]

1. e4 c5 2. Nf3 d6 3. d4 cxd4 4. Nxd4 Nf6 5. Nc3 g6 6. Be3 Bg7 7. f3 Nc6 8. Qd2 O-O 9. Bc4 Nd7 10. O-O-O Nb6 11. Bb3 Na5 12. Qd3 Bd7 13. Kb1 Rc8 14. g4 Nac4 15. h4 Ne5 16. Qe2 a5 17. h5 a4 18. hxg6 axb3 19. gxh7+ Kh8 20. cxb3 e6 21. f4 Nc6 22. Ndb5 d5 23. Qf2 Na8 24. Bc5 Ne7 25. f5 f6 26. exd5 e5 27. Nd6 Rc7 28. Nde4 Rc8 29. d6 Nc6 30. Nd5 Rf7 31. g5 Nd4 32. Bxd4 exd4 33. gxf6 Bxf6 34. Nexf6 Rxf6 35. Qxd4 Bxf5+ 36. Ka1 1-0

[Event "Mind Sports Games - Blitz Ind"]
[Site "Pechino CINA"]
[Date "2008.10.04"]
[Round "4"]
[White "Socko, B."]
[Black "Bu Xiangzhi"]
[Result "1-0"]
[WhiteElo "2631"]
[BlackElo "2714"]
[PlyCount "178"]
[EventDate "2008.10.04"]
[Source "www.chesslib.no"]
[SourceDate "2004.05.04"]

1. e4 c5 2. Nf3 Nc6 3. d4 cxd4 4. Nxd4 g6 5. Nc3 Bg7 6. Be3 Nf6 7. Bc4 O-O 8. Bb3 d6 9. f3 Bd7 10. Qd2 Na5 11. O-O-O Nxb3+ 12. cxb3 Qa5 13. Kb1 Rfc8 14. g4 b5 15. Ncxb5 Qxd2 16. Bxd2 a6 17. Na3 Nxg4 18. fxg4 Bxd4 19. Bg5 Bc5 20. h3 f6 21. Bf4 Bxa3 22. bxa3 g5 23. Bd2 Bb5 24. Ba5 Rc5 25. Rhe1 Rac8 26. Rd2 h5 27. Kb2 hxg4 28. hxg4 Bd7 29. Bb4 Rb5 30. Rg2 Kg7 31. Rh1 Re5 32. Re1 Rh8 33. Bc3 Rc5 34. Bd4 Rcc8 35. a4 Rh4 36. Reg1 Kf7 37. a5 Bb5 38. Rd2 Rh3 39. a4 Bd7 40. Rc2 Be6 41. Rxc8 Bxc8 42. Rc1 Bxg4 43. b4 Be6 44. b5 Rb3+ 45. Kc2 axb5 46. a6 Rb4 47. a5 Bc8 48. a7 Bb7 49. Kd3 Rb3+ 50. Kd2 Ra3 51. Bb6 b4 52. Rc7 Bxe4 53. Rc8 g4 54. Rc4 Ra2+ 55. Ke3 Bd5 56. Rxg4 b3 57. Rb4 b2 58. Kd4 Ke6 59. Kc3 f5 60. Kc2 Kd7 61. Kb1 Ra1+ 62. Kxb2 Rh1 63. Rd4 Bc6 64. Rf4 e6 65. Rc4 Rh8 66. a6 Ra8 67. Kc3 e5 68. Kb4 Rh8 69. Rc2 f4 70. Rd2 e4 71. Bc5 d5 72. Rg2 Ba8 73. Rg7+ Ke6 74. Re7+ Kf5 75. Rf7+ Kg4 76. Bd4 Rc8 77. Rb7 Rc4+ 78. Ka5 e3 79. Rb8 Rxd4 80. Rxa8 e2 81. Rg8+ Kf3 82. Rg1 Rd1 83. a8=Q Rxg1 84. Qxd5+ Kf2 85. Qd4+ Kg2 86. Qe4+ f3 87. Qg4+ Kf2 88. Qd4+ Kf1 89. Qd3 Rg5+ 1-0

[Event "Corr"]
[Site "?"]
[Date "2002.01.15"]
[Round "?"]
[White "Rause Mrs.Olita (LAT)"]
[Black "Ekebjaerg Ove (DEN)"]
[Result "1-0"]
[WhiteElo "2708"]
[BlackElo "2635"]
[PlyCount "55"]
[EventDate "2002.??.??"]
[Source "www.chesslib.no"]
[SourceDate "2004.05.04"]

1. e4 c5 2. Nf3 g6 3. d4 Bg7 4. Nc3 cxd4 5. Nxd4 Nc6 6. Be3 Nf6 7. Bc4 O-O 8. Bb3 d6 9. f3 Bd7 10. Qd2 Nxd4 11. Bxd4 b5 12. h4 a5 13. h5 e5 14. hxg6 exd4 15. Bxf7+ Kh8 16. Qxd4 h6 17. Qe3 Ng8 18. g4 b4 19. Nd5 Be8 20. g5 Bxf7 21. gxf7 Rxf7 22. O-O-O Qf8 23. f4 Re8 24. gxh6 Bxh6 25. Rdg1 Ne7 26. Qa7 Kh7 27. Qd7 Ng8 28. Qh3 1-0

[Event "Bydgoszcz m 20'"]
[Site "Bydgoszcz"]
[Date "2001.04.05"]
[Round "2"]
[White "Macieja, Bartlomiej"]
[Black "Shirov, Alexei"]
[Result "0-1"]
[WhiteElo "2608"]
[BlackElo "2722"]
[PlyCount "88"]
[EventDate "2001.05.05"]
[Source "ChessBase"]
[SourceDate "2001.07.05"]

1. e4 c5 2. Nc3 Nc6 3. Nf3 g6 4. d4 cxd4 5. Nxd4 Bg7 6. Be3 Nf6 7. Bc4 O-O 8. Bb3 d6 9. f3 Bd7 10. Qd2 Nxd4 11. Bxd4 b5 12. h4 a5 13. a4 bxa4 14. Nxa4 Be6 15. Nb6 Ra6 16. Nd5 Bxd5 17. exd5 Qc7 18. Ra4 Rb8 19. O-O Nd7 20. Bxg7 Kxg7 21. h5 Qc5+ 22. Kh2 Rb4 23. Rfa1 Rxa4 24. Rxa4 Ra8 25. Rh4 Nf6 26. hxg6 fxg6 27. Rc4 Qa7 28. Ba4 Rb8 29. b3 Rb4 30. Rxb4 axb4 31. Bb5 Qa1 32. Bc4 Qe5+ 33. Kg1 g5 34. Kf2 g4 35. Qe3 g3+ 36. Ke2 Nh5 37. Qxe5+ dxe5 38. f4 Nxf4+ 39. Kf3 Kf6 40. Kxg3 Kf5 41. Kf3 e4+ 42. Kf2 Ke5 43. Bb5 Kd4 44. Kg3 Nxd5 0-1

[Event "Wijk aan Zee"]
[Site "?"]
[Date "1996.??.??"]
[Round "?"]
[White "Topalov, Veselin"]
[Black "Tiviakov, S."]
[Result "1/2-1/2"]
[WhiteElo "2700"]
[BlackElo "2625"]
[PlyCount "142"]
[EventDate "1996.??.??"]
[Source "ChessBase"]
[SourceDate "1995.10.01"]

1. e4 c5 2. Nf3 Nc6 3. d4 cxd4 4. Nxd4 g6 5. Nc3 Bg7 6. Be3 Nf6 7. Bc4 O-O 8. Bb3 d6 9. f3 Bd7 10. Qd2 Nxd4 11. Bxd4 b5 12. h4 a5 13. a4 bxa4 14. Nxa4 e5 15. Bb6 Qb8 16. Be3 Be6 17. Ra3 Qb4 18. Nb6 Rab8 19. Qxb4 axb4 20. Ra5 Bxb3 21. cxb3 Rfd8 22. Ke2 Nh5 23. Rc1 f5 24. Rc7 fxe4 25. fxe4 Nf4+ 26. Kd2 Ne6 27. Re7 Re8 28. Nd5 Rxe7 29. Nxe7+ Kf8 30. Nd5 Rb7 31. Ra6 Rd7 32. Rb6 Nf4 33. Bxf4 exf4 34. Nxf4 Bh6 35. Ke3 d5 36. exd5 Rxd5 37. Rxb4 Rd1 38. g4 Kg8 39. Rb8+ Kf7 40. Rb7+ Kg8 41. g5 Bg7 42. b4 Bxb2 43. Nd3 Bc3 44. b5 Rh1 45. Nf4 Rxh4 46. Nd5 Bd4+ 47. Kd3 Kf8 48. Nf6 h6 49. Rh7 Be5 50. b6 Rb4 51. Nd7+ Kg8 52. Re7 Bg7 53. gxh6 Bxh6 54. Nf6+ Kf8 55. Re4 Rb1 56. Nd5 Bg5 57. Nb4 Be7 58. b7 Bd6 59. Kc2 Ra1 60. Nc6 Ra6 61. Nd8 Ra5 62. Re6 Bh2 63. Kc3 Rb5 64. Kc4 Rb2 65. Re1 Bc7 66. Ne6+ Kf7 67. Nxc7 Rxb7 68. Ne8 Rd7 69. Kc5 Rd2 70. Nd6+ Kg7 71. Kc6 g5 1/2-1/2

[Event "Frankfurt Ordix op"]
[Site "Frankfurt"]
[Date "1999.07.04"]
[Round "10"]
[White "Svidler, Peter"]
[Black "Lutz, Christopher"]
[Result "1/2-1/2"]
[WhiteElo "2713"]
[BlackElo "2610"]
[PlyCount "104"]
[EventDate "1999.07.??"]
[Source "www.chesslib.no"]
[SourceDate "2004.05.04"]

1. e4 c5 2. Nc3 Nc6 3. Nf3 g6 4. d4 cxd4 5. Nxd4 Bg7 6. Be3 Nf6 7. Bc4 O-O 8. Bb3 d6 9. f3 Bd7 10. Qd2 Nxd4 11. Bxd4 b5 12. O-O-O a5 13. e5 dxe5 14. Bxe5 Bc6 15. Qxd8 Rfxd8 16. a4 bxa4 17. Nxa4 Nd7 18. Bxg7 Kxg7 19. Rhe1 e6 20. Re3 Nf6 21. Rxd8 Rxd8 22. Re5 Bd5 23. Bxd5 Nxd5 24. g3 Kf6 25. f4 h6 26. c4 Rc8 27. b3 g5 28. Kd2 gxf4 29. Re4 Nb4 30. Rxf4+ Kg6 31. Rd4 e5 32. Rd6+ Kf5 33. Rxh6 Rd8+ 34. Ke2 Nc2 35. Rh5+ Ke4 36. Nc5+ Kd4 37. Nb7 Ra8 38. Kd2 Na1 39. Nd6 Nxb3+ 40. Kc2 a4 41. Nb5+ Ke4 42. Nc3+ Kd4 43. Rh4+ Kc5 44. Nxa4+ Rxa4 45. Kxb3 Ra1 46. Re4 f6 47. h4 Rh1 48. Kc3 Rh3 49. Re3 e4 50. Rxe4 Rxg3+ 51. Kd2 f5 52. Rf4 Rh3 1/2-1/2

[Event "Camp. russo a squadre 2007"]
[Site "Sochi RUS"]
[Date "2007.05.10"]
[Round "9"]
[White "Volokitin, And"]
[Black "Tiviakov, S."]
[Result "1/2-1/2"]
[WhiteElo "2654"]
[BlackElo "2663"]
[PlyCount "43"]
[EventDate "2007.05.02"]
[Source "www.chesslib.no"]
[SourceDate "2004.05.04"]

1. e4 c5 2. Nf3 Nc6 3. d4 cxd4 4. Nxd4 g6 5. Nc3 Bg7 6. Be3 Nf6 7. Bc4 d6 8. f3 O-O 9. Qd2 Nd7 10. Bb3 Nb6 11. h4 Na5 12. Qd3 Bd7 13. h5 Nxb3 14. axb3 a5 15. hxg6 fxg6 16. Bh6 Bxh6 17. Rxh6 Rf7 18. O-O-O a4 19. e5 Qf8 20. Rdh1 dxe5 21. Qxg6+ Qg7 22. Qxg7+ 1/2-1/2

[Event "Mind Sports Games - Rapid Team"]
[Site "Pechino CINA"]
[Date "2008.10.16"]
[Round "7"]
[White "Gopal, G."]
[Black "Bu Xiangzhi"]
[Result "1/2-1/2"]
[WhiteElo "2548"]
[BlackElo "2714"]
[PlyCount "88"]
[EventDate "2008.10.14"]
[Source "www.chesslib.no"]
[SourceDate "2004.05.04"]

1. e4 c5 2. Nf3 Nc6 3. Nc3 g6 4. d4 cxd4 5. Nxd4 Bg7 6. Be3 Nf6 7. Bc4 O-O 8. Bb3 d6 9. f3 Bd7 10. Qd2 Na5 11. O-O-O Nxb3+ 12. cxb3 Qa5 13. Kb1 Rfc8 14. g4 b5 15. h4 b4 16. Nce2 Rc7 17. Nc2 Rb8 18. h5 Rc6 19. a3 Rxc2 20. Qxc2 bxa3 21. Bd4 axb2 22. Bxb2 Rc8 23. Qd3 Rb8 24. hxg6 hxg6 25. Nc1 Be6 26. Rh2 Qb4 27. g5 Nh5 28. Bxg7 Nxg7 29. Rb2 a5 30. Qd4 Qb5 31. f4 Bg4 32. Rdd2 Qf1 33. Qf2 Qh1 34. Qe3 Bf3 35. Rh2 Bxe4+ 36. Ka2 Qf3 37. Rbe2 Ne6 38. Rh4 f6 39. gxf6 Rb7 40. b4 Nc7 41. f7+ Kxf7 42. Kb2 Nb5 43. Qd4 Nxd4 44. Rg2 Rxb4+ 1/2-1/2

[Event "Corr"]
[Site "?"]
[Date "1999.06.30"]
[Round "?"]
[White "Sevecek Rudolf"]
[Black "Ekebjaerg Ove (DEN)"]
[Result "1/2-1/2"]
[WhiteElo "2602"]
[BlackElo "2635"]
[PlyCount "52"]
[EventDate "1999.??.??"]
[Source "www.chesslib.no"]
[SourceDate "2004.05.04"]

1. e4 c5 2. Nf3 g6 3. d4 Bg7 4. Nc3 cxd4 5. Nxd4 Nc6 6. Be3 Nf6 7. Bc4 O-O 8. Bb3 d6 9. f3 Bd7 10. Qd2 Nxd4 11. Bxd4 b5 12. a4 b4 13. Nd5 Nxd5 14. exd5 Bxd4 15. Qxd4 a5 16. h4 e5 17. dxe6 Bxe6 18. O-O-O Bxb3 19. cxb3 Re8 20. Kb1 Re2 21. h5 Qg5 22. hxg6 Qxg6+ 23. Ka2 Rae8 24. g3 R8e3 25. Rh4 Rxb3 26. Kxb3 Qc2+ 1/2-1/2

[Event "Bundesliga 9900"]
[Site "Germany"]
[Date "1999.11.07"]
[Round "4"]
[White "Lautier, Joel"]
[Black "Lutz, Christopher"]
[Result "1/2-1/2"]
[WhiteElo "2638"]
[BlackElo "2591"]
[PlyCount "73"]
[EventDate "1999.10.??"]
[Source "www.chesslib.no"]
[SourceDate "2004.05.04"]

1. e4 c5 2. Nc3 Nc6 3. Nge2 g6 4. d4 cxd4 5. Nxd4 Bg7 6. Be3 Nf6 7. Bc4 O-O 8. Bb3 d6 9. f3 Bd7 10. Qd2 Nxd4 11. Bxd4 b5 12. O-O-O a5 13. e5 dxe5 14. Bxe5 Bc6 15. Qxd8 Rfxd8 16. a4 bxa4 17. Bxa4 Bxa4 18. Nxa4 Nd5 19. Bxg7 Kxg7 20. Rxd5 Rxd5 21. Nb6 Rad8 22. Nxd5 Rxd5 23. c4 Rd4 24. b3 a4 25. Kc2 axb3+ 26. Kc3 e5 27. Rb1 Kf6 28. Rxb3 Ke7 29. Rb7+ Rd7 30. Rb5 f6 31. c5 f5 32. Rb6 e4 33. fxe4 fxe4 34. Rb4 Rd3+ 35. Kc2 Rd5 36. Rxe4+ Kd7 37. Kc3 1/2-1/2

[Event "Groningen PCA"]
[Site "Groningen"]
[Date "1993.??.??"]
[Round "7"]
[White "Nijboer, Friso"]
[Black "Georgiev, Kiril"]
[Result "1/2-1/2"]
[WhiteElo "2555"]
[BlackElo "2660"]
[PlyCount "102"]
[EventDate "1993.12.??"]
[Source "ChessBase"]

1. e4 c5 2. Nf3 d6 3. d4 cxd4 4. Nxd4 Nf6 5. Nc3 g6 6. Be3 Bg7 7. f3 Nc6 8. Qd2 O-O 9. Bc4 Nd7 10. h4 Nb6 11. Bb3 Na5 12. Qd3 Nxb3 13. axb3 d5 14. Nde2 Be6 15. O-O-O dxe4 16. Qxe4 Qc7 17. h5 Qe5 18. Qxe5 Bxe5 19. Nf4 Bxf4 20. Bxf4 Rac8 21. Rde1 Nd5 22. Nxd5 Bxd5 23. Rxe7 Bxb3 24. c3 b5 25. hxg6 hxg6 26. Be5 f6 27. Bd4 Rf7 28. Rxf7 Kxf7 29. Rh7+ Ke6 30. Rxa7 Rc6 31. Kd2 Bc4 32. g4 Bd5 33. Ke3 g5 34. b4 Bc4 35. f4 gxf4+ 36. Kxf4 Rd6 37. Bc5 Rd7 38. Ra6+ Kf7 39. Bd4 Be6 40. Rb6 Rd5 41. Rb7+ Kg6 42. Re7 Bf7 43. Kg3 Rg5 44. Kh4 Bc4 45. Re1 f5 46. gxf5+ Rxf5 47. Kg4 Rg5+ 48. Kf4 Rf5+ 49. Ke4 Bd5+ 50. Kd3 Bc4+ 51. Kd2 Kf7 1/2-1/2

[Event "Campionato europeo 2007"]
[Site "Dresda GER"]
[Date "2007.04.06"]
[Round "4"]
[White "Jakovenko, Dmitry"]
[Black "Jianu, Vlad-Cristian"]
[Result "1/2-1/2"]
[WhiteElo "2708"]
[BlackElo "2506"]
[PlyCount "78"]
[EventDate "2007.04.03"]
[Source "www.chesslib.no"]
[SourceDate "2004.05.04"]

1. e4 c5 2. Nf3 d6 3. d4 cxd4 4. Nxd4 Nf6 5. Nc3 g6 6. Be3 Bg7 7. f3 Nc6 8. Qd2 O-O 9. Bc4 Bd7 10. Bb3 Na5 11. h4 Qc7 12. h5 Nc4 13. Bxc4 Qxc4 14. O-O-O Rfc8 15. g4 b5 16. hxg6 fxg6 17. Qh2 Qf7 18. Kb1 Bh8 19. Nde2 b4 20. Nd5 Nxd5 21. exd5 a5 22. Bd4 a4 23. Bxh8 Kxh8 24. Qf4 Rf8 25. Qd4+ Kg8 26. Rh3 b3 27. Rdh1 bxc2+ 28. Kxc2 h5 29. Rg3 a3 30. b3 Rfc8+ 31. Nc3 Ra5 32. gxh5 Rxd5 33. Qh8+ Kxh8 34. hxg6+ Kg8 35. gxf7+ Kxf7 36. Rh7+ Kf6 37. Rh6+ Kf7 38. Rh7+ Kf6 39. Rh6+ Ke5 1/2-1/2

[Event "France 87/206"]
[Site "?"]
[Date "2003.??.??"]
[Round "?"]
[White "Movsesian, S."]
[Black "David, Alb"]
[Result "1-0"]
[WhiteElo "2659"]
[BlackElo "2548"]
[PlyCount "59"]
[EventDate "2003.??.??"]
[Source "Chess Informant"]
[SourceDate "2003.02.01"]

1. e4 c5 2. Nc3 Nc6 3. Nge2 g6 4. d4 cxd4 5. Nxd4 Bg7 6. Be3 Nf6 7. Bc4 O-O 8. Bb3 d6 9. f3 Bd7 10. Qd2 Nxd4 11. Bxd4 b5 12. a3 a5 13. h4 h5 14. Rd1 e6 15. Be3 Ne8 16. Bg5 Qb6 17. Be3 Qc7 18. Bd4 Bxd4 19. Qxd4 Rb8 20. Ne2 b4 21. a4 Rb6 22. g4 Ng7 23. e5 Bc6 24. exd6 Qb8 25. Rd3 Rd8 26. gxh5 Bxf3 27. h6 Nf5 28. Qf6 Rbxd6 29. Bxe6 Nxh6 30. Qxg6+ 1-0

[Event "Corr"]
[Site "?"]
[Date "1999.06.30"]
[Round "?"]
[White "Brzozka Stefan (POL)"]
[Black "Ekebjaerg Ove (DEN)"]
[Result "0-1"]
[WhiteElo "2570"]
[BlackElo "2635"]
[PlyCount "42"]
[EventDate "1999.??.??"]
[Source "www.chesslib.no"]
[SourceDate "2004.05.04"]

1. e4 c5 2. Nf3 g6 3. d4 Bg7 4. Nc3 cxd4 5. Nxd4 Nc6 6. Be3 Nf6 7. Bc4 O-O 8. Bb3 d6 9. f3 Bd7 10. Qd2 Nxd4 11. Bxd4 b5 12. h4 a5 13. a4 bxa4 14. Nxa4 e5 15. Be3 Be6 16. O-O-O Bxb3 17. cxb3 Rb8 18. Qd3 d5 19. exd5 Qd6 20. Rd2 Rfe8 21. Kb1 e4 0-1

[Event "Gibraltar 87/203"]
[Site "?"]
[Date "2003.??.??"]
[Round "?"]
[White "Sulskis, S."]
[Black "Tiviakov, S."]
[Result "1-0"]
[WhiteElo "2567"]
[BlackElo "2635"]
[PlyCount "177"]
[EventDate "2003.??.??"]
[Source "Chess Informant"]
[SourceDate "2003.02.01"]

1. e4 c5 2. Nf3 d6 3. d4 cxd4 4. Nxd4 Nf6 5. Nc3 g6 6. Be3 Bg7 7. f3 Nc6 8. Qd2 O-O 9. Bc4 Nd7 10. O-O-O Nb6 11. Bb3 Na5 12. Bg5 Bd7 13. Kb1 Rc8 14. Qe1 h6 15. Bc1 Nbc4 16. f4 e5 17. fxe5 Nxb3 18. cxb3 Nxe5 19. Ndb5 Bxb5 20. Nxb5 Qb6 21. Qe2 a6 22. Nc3 Rfe8 23. Rhf1 Re6 24. Be3 Qd8 25. Nd5 Nc6 26. Qf3 Qe8 27. g4 a5 28. Rc1 a4 29. bxa4 Ne5 30. Qd1 Rxc1+ 31. Bxc1 Qc6 32. b3 Re8 33. Bb2 Qd7 34. h3 Qd8 35. Qe2 Qh4 36. Qb5 Rf8 37. Bxe5 Bxe5 38. Qd3 Kg7 39. Nb6 Qe7 40. Nc4 Re8 41. Qd5 Bg3 42. Rf3 Bh2 43. Kb2 Rc8 44. Rf2 Bg3 45. Rf3 Bh2 46. Kb1 Rc5 47. Qd3 Kg8 48. Rf1 Be5 49. Nxe5 Qxe5 50. Qf3 Rc7 51. Rd1 Qh2 52. Qd3 Rc6 53. a3 Qe5 54. Qd4 Qg3 55. Qd3 Qe5 56. Rc1 Rxc1+ 57. Kxc1 Qa1+ 58. Kc2 Qa2+ 59. Kc3 Qxa3 60. Qd5 Qc1+ 61. Kb4 Qc7 62. Kb5 Qc3 63. Kb6 Qb4+ 64. Kc7 b6 65. Kd7 Qc3 66. h4 Kg7 67. h5 Qg3 68. Ke8 Qf4 69. b4 gxh5 70. gxh5 Kg8 71. a5 bxa5 72. bxa5 Qf1 73. Qf5 Qa6 74. Qxf7+ Kh8 75. Qf6+ Kh7 76. Qg6+ Kh8 77. Qxh6+ Kg8 78. Qe6+ Kg7 79. h6+ Kh7 80. Kf7 Qa7+ 81. Kf6 Qd4+ 82. e5 Qh4+ 83. Kf7 Qf4+ 84. Ke7 dxe5 85. a6 Qa4 86. Kf7 Qf4+ 87. Ke8 Kh8 88. a7 Qa4+ 89. Qd7 1-0

[Event "5th IECC"]
[Site "Antalya"]
[Date "2004.05.16"]
[Round "2"]
[White "Macieja, Bartlomiej"]
[Black "Chatalbashev, Boris"]
[Result "1/2-1/2"]
[WhiteElo "2633"]
[BlackElo "2543"]
[PlyCount "60"]
[EventDate "2004.05.15"]
[Source "Roberto Alvarez"]
[SourceDate "2004.05.31"]

1. e4 c5 2. Nf3 Nc6 3. Nc3 g6 4. d4 cxd4 5. Nxd4 Bg7 6. Be3 Nf6 7. Bc4 O-O 8. Bb3 d6 9. f3 Bd7 10. Qd2 Nxd4 11. Bxd4 b5 12. Nd5 Nxd5 13. Bxg7 Kxg7 14. exd5 a5 15. a3 e5 16. dxe6 Bxe6 17. O-O-O Bxb3 18. cxb3 Re8 19. h4 Qf6 20. Kb1 b4 21. a4 h5 22. Qxd6 Qxd6 23. Rxd6 Re2 24. g4 hxg4 25. fxg4 Rg2 26. g5 Re8 27. Rf1 Ree2 28. Rd7 Kg8 29. Rd8+ Kg7 30. Rd7 Kg8 1/2-1/2

[Event "21st Open"]
[Site "Reykjavik"]
[Date "2004.03.16"]
[Round "9"]
[White "Nataf, Igor Alexandre"]
[Black "Bu Xiangzhi"]
[Result "1-0"]
[WhiteElo "2569"]
[BlackElo "2606"]
[PlyCount "103"]
[EventDate "2004.03.07"]
[Source "Roberto Alvarez"]
[SourceDate "2004.03.22"]

1. e4 c5 2. Nf3 d6 3. d4 cxd4 4. Nxd4 Nf6 5. Nc3 g6 6. Be3 Bg7 7. f3 Nc6 8. Bc4 O-O 9. Qd2 Bd7 10. Bb3 Na5 11. Bh6 Bxh6 12. Qxh6 Qb6 13. O-O-O Nxb3+ 14. cxb3 a5 15. Kb1 a4 16. bxa4 Bxa4 17. Rd2 Rfc8 18. Qe3 Bd7 19. Re1 Qa5 20. a3 h5 21. Nb3 Qe5 22. Nd5 Nxd5 23. exd5 Qxh2 24. Qg5 h4 25. Ka2 Qg3 26. Qxg3 hxg3 27. Rxe7 Rd8 28. Nd4 Kf8 29. Re3 Re8 30. Rxe8+ Rxe8 31. Ne2 Re3 32. b3 g5 33. Nxg3 g4 34. Rf2 Rd3 35. Ne4 gxf3 36. gxf3 Ke7 37. Re2 Rxd5 38. Nc3+ Re5 39. Kb2 Be6 40. Rxe5 dxe5 41. Kc2 Kf6 42. b4 Kf5 43. Kd2 Kf4 44. Ke2 Bc4+ 45. Kf2 f5 46. a4 e4 47. fxe4 fxe4 48. a5 e3+ 49. Ke1 Ke5 50. b5 Kd4 51. a6 bxa6 52. b6 1-0

[Event "Mind Sports Games - Blitz Ind"]
[Site "Pechino CINA"]
[Date "2008.10.04"]
[Round "2"]
[White "Socko, B."]
[Black "Leon Hoyos, M."]
[Result "0-1"]
[WhiteElo "2631"]
[BlackElo "2535"]
[PlyCount "98"]
[EventDate "2008.10.04"]
[Source "www.chesslib.no"]
[SourceDate "2004.05.04"]

1. e4 c5 2. Nf3 g6 3. d4 Bg7 4. Nc3 cxd4 5. Nxd4 Nc6 6. Be3 Nf6 7. Bc4 O-O 8. Bb3 d6 9. f3 Bd7 10. Qd2 Nxd4 11. Bxd4 b5 12. O-O a5 13. a4 b4 14. Nd5 Nxd5 15. Bxg7 Kxg7 16. exd5 Rc8 17. Rfe1 Bf5 18. Re2 Qb6+ 19. Kh1 Rc7 20. g4 Bc8 21. Rae1 Re8 22. h4 h5 23. gxh5 Rh8 24. Rxe7 Rxh5 25. R7e4 Bf5 26. Qd4+ Qxd4 27. Rxd4 Kf6 28. Kg2 Rc5 29. Re2 Rc8 30. Kg3 g5 31. hxg5+ Rxg5+ 32. Kf2 Rh5 33. Ke1 Rh3 34. Rf2 Ke5 35. Rd1 Kf4 36. Rd4+ Ke5 37. Rd1 Kf4 38. Kf1 Rg8 39. Rd4+ Ke3 40. Rg4 Bxg4 41. fxg4 Rxg4 42. Re2+ Kf4 43. Rf2+ Rf3 44. Bc4 Rxf2+ 45. Kxf2 Rh4 46. Ke2 Ke4 47. Bb3 Rh2+ 48. Kd1 Ke3 49. c3 Rxb2 0-1

[Event "EU-ch 2nd"]
[Site "Ohrid"]
[Date "2001.06.02"]
[Round "2"]
[White "Lastin, Alexander"]
[Black "Chernyshov, Konstantin"]
[Result "1-0"]
[WhiteElo "2627"]
[BlackElo "2536"]
[PlyCount "77"]
[EventDate "2001.06.01"]
[Source "ChessBase"]
[SourceDate "2001.09.13"]

1. e4 c5 2. Nf3 Nc6 3. d4 cxd4 4. Nxd4 Nf6 5. Nc3 d6 6. f3 g6 7. Be3 Bg7 8. Qd2 O-O 9. Bc4 Na5 10. Bb3 Bd7 11. O-O-O Nxb3+ 12. cxb3 a5 13. a4 Qc8 14. Kb1 Rd8 15. g4 e5 16. Ndb5 d5 17. g5 d4 18. gxf6 dxe3 19. Qxe3 Bxb5 20. Nxb5 Bxf6 21. Rc1 Qh3 22. Nc7 Rab8 23. Nd5 Bg7 24. Qe2 f5 25. Ka2 Qh5 26. Rc7 Kh8 27. Rhc1 fxe4 28. Qxe4 Qxh2 29. Rxg7 Kxg7 30. Rc7+ Kf8 31. Qg4 Rd6 32. Qg5 Re8 33. Re7 Re6 34. Rxb7 Rc8 35. Nb6 h6 36. Nd7+ Kf7 37. Qg4 Rce8 38. Nc5+ R6e7 39. Qe6+ 1-0

[Event "Dubai 87/202"]
[Site "?"]
[Date "2003.??.??"]
[Round "?"]
[White "Sveshnikov, E."]
[Black "Fedorov, Alex"]
[Result "1/2-1/2"]
[WhiteElo "2551"]
[BlackElo "2604"]
[PlyCount "59"]
[EventDate "2003.??.??"]
[Source "Chess Informant"]
[SourceDate "2003.02.01"]

1. e4 c5 2. Nf3 d6 3. d4 cxd4 4. Nxd4 Nf6 5. Nc3 g6 6. Be3 Bg7 7. f3 O-O 8. Qd2 Nc6 9. Bc4 Nd7 10. O-O-O Nb6 11. Be2 Ne5 12. b3 Bd7 13. h4 a6 14. h5 Qc7 15. hxg6 fxg6 16. Bh6 Bxh6 17. Qxh6 Rf7 18. Kb2 Rc8 19. Qd2 Qc5 20. a3 Nc6 21. Nxc6 Rxc6 22. Qd4 Be6 23. Rd2 Qg5 24. Rhd1 Nd7 25. Na2 a5 26. Nc3 Rc5 27. Na4 Rc7 28. Nc3 Rc5 29. Na4 Rc7 30. Nc3 1/2-1/2

[Event "56th ch-RUS"]
[Site "Krasnoyarsk"]
[Date "2003.09.08"]
[Round "5"]
[White "Tseshkovsky, Vitaly"]
[Black "Tiviakov, Sergei"]
[Result "1/2-1/2"]
[WhiteElo "2538"]
[BlackElo "2613"]
[PlyCount "75"]
[EventDate "2003.09.03"]
[Source "Roberto Alvarez"]
[SourceDate "2003.09.15"]

1. e4 c5 2. Nf3 d6 3. d4 cxd4 4. Nxd4 Nf6 5. Nc3 g6 6. Be3 Bg7 7. f3 Nc6 8. Qd2 O-O 9. Bc4 Nd7 10. h4 Nb6 11. Bb3 Na5 12. Qd3 Nxb3 13. axb3 Bd7 14. h5 a5 15. hxg6 fxg6 16. Na4 Nxa4 17. bxa4 Rf7 18. Qb3 Qe8 19. c3 Be5 20. Ne6 Bxe6 21. Qxe6 Kf8 22. f4 Bh8 23. f5 gxf5 24. exf5 Qc6 25. O-O-O Qxa4 26. Bh6+ Ke8 27. g4 Qd7 28. Rhe1 a4 29. Rxd6 Qxe6 30. Rdxe6 a3 31. Kc2 axb2 32. Kxb2 Rc8 33. R1e3 Rc6 34. Kb3 Bg7 35. Bg5 Bf8 36. f6 Rxe6 37. Rxe6 Kd7 38. Rb6 1/2-1/2

[Event "Budapest (zt)"]
[Site "?"]
[Date "2000.??.??"]
[Round "?"]
[White "Hracek, Z."]
[Black "Markowski, T."]
[Result "1/2-1/2"]
[WhiteElo "2620"]
[BlackElo "2530"]
[PlyCount "45"]
[EventDate "2000.??.??"]
[Source "Chess Informant"]
[SourceDate "2000.06.01"]

1. e4 c5 2. Nf3 g6 3. d4 Bg7 4. Nc3 cxd4 5. Nxd4 Nc6 6. Be3 Nf6 7. Bc4 O-O 8. Bb3 d6 9. f3 Bd7 10. Qd2 Rc8 11. O-O-O Nxd4 12. Bxd4 b5 13. Nd5 Nxd5 14. Bxd5 Bxd4 15. Qxd4 a5 16. a3 Qc7 17. c3 b4 18. axb4 e5 19. Qe3 axb4 20. Kd2 Bc6 21. Bxc6 Qxc6 22. Ke2 bxc3 23. bxc3 1/2-1/2